[Event "Muensterland Verbandsklasse 1819"]
[Site "Germany"]
[Date "2018.11.17"]
[Round "3.7"]
[White "Radinger, Rudolf"]
[Black "Joergensmann, Rolf"]
[Result "1/2-1/2"]
[WhiteElo "1553"]
[BlackElo "1626"]
[PlyCount "43"]
[EventDate "2018.09.15"]
[EventType "team-tourn"]
[EventRounds "9"]
[EventCountry "GER"]
[SourceTitle "EXT 2020"]
[Source "ChessBase"]
[SourceDate "2019.10.17"]
[SourceVersion "1"]
[SourceVersionDate "2019.10.17"]
[SourceQuality "1"]
[WhiteTeam "Beelen II"]
[BlackTeam "Nienberge II"]
[WhiteTeamCountry "GER"]
[BlackTeamCountry "GER"]

1. Nf3 Nf6 2. c4 e6 3. Nc3 d5 4. d4 Be7 5. Bf4 0-0 6. e3 Nbd7 7. a3 a6 8. Rc1 c5 9. cxd5 Nxd5 10. Nxd5 exd5 11. Bd3 c4 12. Bb1 Qa5+ 13. Qd2 Qxd2+ 14. Nxd2 b5 15. 0-0 Nf6 16. Nf3 Bb7 17. Ne5 Bd6 18. Ng6 hxg6 19. Bxd6 Rfe8 20. Rfe1 Ne4 21. Bxe4 dxe4 22. Rc3 1/2-1/2

[Event "Muensterland Verbandsklasse-B 1112"]
[Site "Germany"]
[Date "2012.01.14"]
[Round "5.5"]
[White "Hennings, Ralf"]
[Black "Joergensmann, Rolf"]
[Result "1/2-1/2"]
[WhiteElo "1808"]
[BlackElo "1717"]
[PlyCount "48"]
[EventDate "2011.09.17"]
[EventType "team-tourn"]
[EventRounds "9"]
[EventCountry "GER"]
[SourceTitle "EXT 2013"]
[Source "ChessBase"]
[SourceDate "2012.11.22"]
[SourceVersion "1"]
[SourceVersionDate "2012.11.22"]
[SourceQuality "1"]
[WhiteTeam "Muenster IV"]
[BlackTeam "Nienberge II"]
[WhiteTeamCountry "GER"]
[BlackTeamCountry "GER"]

1. e4 e6 2. d3 d5 3. Nd2 dxe4 4. dxe4 e5 5. Bc4 Nf6 6. Ngf3 Bd6 7. 0-0 0-0 8. h3 Nc6 9. Qe2 Qe7 10. c3 Be6 11. Rd1 h6 12. Bxe6 Qxe6 13. Nf1 a6 14. Ng3 Ne7 15. Nh4 Rad8 16. Nhf5 Nxf5 17. Nxf5 Bc5 18. Rxd8 Rxd8 19. Ng3 Qd6 20. Be3 Bxe3 21. Qxe3 Qd2 22. Qxd2 Rxd2 23. Rb1 h5 24. f3 g6 1/2-1/2

[Event "Muensterland Verbandsklasse-B 0607"]
[Site "Germany"]
[Date "2007.02.17"]
[Round "6.5"]
[White "Langer, Ralf"]
[Black "Joergensmann, Rolf"]
[Result "1/2-1/2"]
[WhiteElo "1769"]
[BlackElo "1730"]
[PlyCount "120"]
[EventDate "2006.09.23"]
[EventType "team-tourn"]
[EventRounds "9"]
[EventCountry "GER"]
[SourceTitle "EXT 2008"]
[Source "ChessBase"]
[SourceDate "2007.11.25"]
[SourceVersion "1"]
[SourceVersionDate "2007.11.25"]
[SourceQuality "1"]
[WhiteTeam "Westerkappeln"]
[BlackTeam "Nienberge"]
[WhiteTeamCountry "GER"]
[BlackTeamCountry "GER"]

1. d4 d5 2. Nf3 Nf6 3. c4 e6 4. Bg5 Be7 5. Nc3 Nbd7 6. e3 0-0 7. cxd5 exd5 8. Bd3 c6 9. 0-0 h6 10. Bh4 Ne4 11. Bxe7 Qxe7 12. Qc2 Ng5 13. Nxg5 Qxg5 14. e4 dxe4 15. Nxe4 Qd8 16. Rfe1 Nf6 17. Nxf6+ Qxf6 18. Rad1 Be6 19. Bc4 Bf5 20. Qe2 Rfe8 21. Qxe8+ Rxe8 22. Rxe8+ Kh7 23. Rde1 b5 24. Bb3 a5 25. R8e5 a4 26. Bd1 Be6 27. a3 Qf4 28. Bc2+ g6 29. Be4 Qd2 30. Bxc6 Qxd4 31. Bxb5 Bb3 32. R5e4 Qxb2 33. Bxa4 Qxa3 34. Bxb3 Qxb3 35. h4 h5 36. Re7 Kg7 37. R1e3 Qd1+ 38. Kh2 Qd6+ 39. g3 Qf6 40. Kg2 Kf8 41. Rc7 Qd6 42. Ra7 Qc5 43. Ra8+ Kg7 44. Rae8 Qc6+ 45. f3 Qc2+ 46. Re2 Qc6 47. R8e4 Qb5 48. g4 hxg4 49. fxg4 Qd5 50. Kh3 Qd3+ 51. R4e3 Qd5 52. Re5 Qf3+ 53. Kh2 Qxg4 54. R2e4 Qd7 55. Re7 Qd6+ 56. Kg2 Qd5 57. Kg3 Kf6 58. Re8 Qd6+ 59. Kg4 Qd1+ 60. Kg3 Qg1+ 1/2-1/2

[Event "Muensterland Verbandsklasse-B 0607"]
[Site "Germany"]
[Date "2006.12.09"]
[Round "4.4"]
[White "Raddatz, Uwe"]
[Black "Joergensmann, Rolf"]
[Result "1-0"]
[WhiteElo "1850"]
[BlackElo "1730"]
[PlyCount "81"]
[EventDate "2006.09.23"]
[EventType "team-tourn"]
[EventRounds "9"]
[EventCountry "GER"]
[SourceTitle "EXT 2008"]
[Source "ChessBase"]
[SourceDate "2007.11.25"]
[SourceVersion "1"]
[SourceVersionDate "2007.11.25"]
[SourceQuality "1"]
[WhiteTeam "Muenster SK III"]
[BlackTeam "Nienberge"]
[WhiteTeamCountry "GER"]
[BlackTeamCountry "GER"]

1. d4 d5 2. c4 e6 3. Nc3 Nf6 4. Bg5 Be7 5. e3 Nbd7 6. Nf3 a6 7. c5 c6 8. b4 Ne4 9. Nxe4 dxe4 10. Bxe7 Qxe7 11. Nd2 f5 12. Nc4 0-0 13. Be2 Nf6 14. 0-0 Bd7 15. Qb3 Kh8 16. a4 Nd5 17. Ne5 Rab8 18. b5 g5 19. b6 Be8 20. f3 Bh5 21. g4 exf3 22. Bxf3 fxg4 23. Bxg4 Bxg4 24. Nxg4 Rxf1+ 25. Rxf1 Rf8 26. Qd3 Rxf1+ 27. Qxf1 h5 28. Ne5 Kg7 29. Qf3 g4 30. Qe4 Qg5 31. Nxc6 Nxe3 32. Qe5+ Qxe5 33. dxe5 Nc4 34. Nd8 Nxe5 35. Nxb7 Nc6 36. Nd6 Kf6 37. Nc4 Kf5 38. b7 e5 39. Na5 Nb8 40. c6 Ke6 41. c7 1-0